Get the Picture: Nicknamed Athletes Quiz Stats

 Plays Quiz Updated Apr 18, 2019

Score 0/20 Timer 03:00
0 Plays Today
Question Answer Wrong Answers
Magic Johnson NBA
92.9%
MLB
1.7%
NHL
0.4%
NFL
0.7%
Babe Ruth MLB
91.9%
NBA
1.3%
NHL
1.1%
NFL
1.1%
Yogi Berra MLB
84.5%
NBA
3.9%
NHL
3.3%
NFL
3.1%
Penny Hardaway NBA
82.9%
MLB
5.7%
NHL
3.1%
NFL
3.5%
Cy Young MLB
82%
NBA
4.6%
NHL
3.7%
NFL
4.5%
Doc Rivers NBA
78.5%
MLB
9%
NHL
3.1%
NFL
4.1%
Chipper Jones MLB
75.2%
NBA
6.8%
NHL
5.7%
NFL
6.7%
Satchel Paige MLB
72.3%
NBA
5.2%
NHL
10.1%
NFL
6.5%
Pacman Jones NFL
69.5%
MLB
8.4%
NBA
10.4%
NHL
6%
Bunny Larocque NHL
67.7%
MLB
12.4%
NBA
6.8%
NFL
7%
Champ Bailey NFL
62.4%
MLB
13.3%
NBA
11.6%
NHL
7%
Bubba Smith NFL
61.1%
MLB
17.6%
NBA
7.8%
NHL
7.6%
Moose Dupont NHL
57.9%
MLB
13%
NBA
9.3%
NFL
13.7%
Sleepy Floyd NBA
52.3%
MLB
20.7%
NHL
9.5%
NFL
11.7%
Boom Boom Geoffrion NHL
48.2%
MLB
16.8%
NBA
9.7%
NFL
18.9%
Bronko Nagurski NFL
47.8%
MLB
11.6%
NBA
6.1%
NHL
28.7%
Jethro Gillies NHL
45.9%
MLB
20.6%
NBA
11.8%
NFL
15.1%
Pepper Johnson NFL
39.8%
MLB
22.9%
NBA
18.9%
NHL
12.1%
Popeye Jones NBA
37.6%
MLB
24.9%
NHL
9.7%
NFL
22.3%
Tiger Williams NHL
32.2%
MLB
30.5%
NBA
13.3%
NFL
17.8%

Today's Daily Dose

Missing Word
1940s A-Z

Quick Pick
'S' Athletes

Get the Picture
Depp or Bonham Carter

You're not logged in!

Compare scores with friends on all Sporcle quizzes.
OR
Log In

Sporcle TV

Today on Sporcle TV


Watch our educational content, quiz creation guides, and fun videos on Sporcle TV.

Show Comments

Extras

Top Quizzes Today


Score Distribution

Your Account Isn't Verified!

In order to create a playlist on Sporcle, you need to verify the email address you used during registration. Go to your Sporcle Settings to finish the process.

Report this User

Report this user for behavior that violates our Community Guidelines.

Details: